Introducción a la sociología
Enregistré dans:
| Auteur principal: | |
|---|---|
| Format: | Livre |
| Langue: | espagnol |
| Publié: |
Barcelona
Instituto Católico de Estudios Sociales
1966
|
| Édition: | 5a. ed |
| Sujets: | |
| Tags: |
Ajouter un tag
Pas de tags, Soyez le premier à ajouter un tag!
|
MARC
| LEADER | 00000nam a2200000 a 4500 | ||
|---|---|---|---|
| 001 | UCR0144 | ||
| 003 | CL-VaPUC | ||
| 008 | 971129e19660000SP |||||||||||||||||spa|d | ||
| 082 | 0 | 4 | |a 301 |b LEC |2 21 |
| 100 | |a Leclercq, Jacques |e author |9 581394 | ||
| 245 | 1 | 0 | |a Introducción a la sociología |
| 250 | |a 5a. ed | ||
| 300 | |a 367 p | ||
| 942 | |c BK | ||
| 945 | |d 19971129 00:00:00 |a cmena | ||
| 260 | |a Barcelona |b Instituto Católico de Estudios Sociales |c 1966 | ||
| 650 | 0 | |a Sociología |9 255410 | |
| 650 | 0 | |a Sociedad |9 307903 | |
| 650 | 0 | |a Sociología política |9 255920 | |
| 650 | 0 | |a Democracia |9 255256 | |
| 650 | 7 | |a HOMBRE |2 CL-VaPUC |9 262149 | |
| 650 | 0 | |a Realismo |9 259117 | |
| 650 | 0 | |a Ciencias sociales |9 256351 | |
| 650 | 0 | |a Escuelas filosóficas |9 266232 | |
| 650 | 7 | |a SOCIOLOGIA FRANCESA |2 CL-VaPUC |9 349448 | |
| 650 | 7 | |a SOCIOLOGIA ALEMANA |2 CL-VaPUC |9 395656 | |
| 650 | 7 | |a SOIOLOGIA AMERICANA |2 CL-VaPUC |9 395657 | |
| 650 | 0 | |a Psicología social |9 222894 | |
| 650 | 0 | |a Antropología cultural y social |9 265143 | |
| 650 | 0 | |a Verdad |9 313815 | |
| 650 | 0 | |a Problemas sociales |9 258537 | |
| 650 | 0 | |a Libre albedrío |9 334583 | |
| 650 | 7 | |a NORMAS SOCIALES |2 CL-VaPUC |9 339732 | |
| 650 | 0 | |a Naturaleza humana |9 308593 | |
| 650 | 0 | |a Ética |9 255099 | |
| 650 | 0 | |a Métodos de investigación |9 262618 | |
| 583 | |a last modification |c 20130306 01:54:18 |k Rodrigo Vera | ||
| 999 | |c 263796 |d 263794 | ||
| 952 | |0 0 |1 0 |4 0 |6 301_000000000000000_LEC_1966 |7 0 |8 DER_TF |9 293268 |a BIBDER |b BIBDER |d 2019-11-19 |i 1907719 |o 301 LEC 1966 |p 1907719 |r 2023-01-25 |w 2019-11-19 |x Ubicación 4to Piso |y BK |z Estos recursos deben solicitarse con anticipación |k DER | ||
| 952 | |0 0 |1 0 |4 0 |6 301_000000000000000_LEC_1966 |7 0 |8 X |9 293269 |a FDOBUD |b FDOBUD |d 2019-11-19 |i 4401794 |o 301 LEC 1966 |p 4401794 |r 2019-11-19 |w 2019-11-19 |y BK_X |k BUD | ||